000 00463nam a2200169Ia 4500
008 230917s9999||||xx |||||||||||||| ||und||
020 _cRS 1095.00
040 _e5008369
_aMAIN
041 _aEnglish
082 _a297.0954 S13I
100 _aSiddiqui, Iqtidar Husain
245 0 _aIslam and its culture in South Asia
260 _aDelhi
_bPrimus Books
_c2021
300 _ax, 201 p.
500 _a4078 27/09/2021 HBD21/8849 28/09/2021 Main Budget
942 _cBK
999 _c2255
_d2255